[Event "19th Karpov Poikovsky 2018"]
[Site "Poikovsky"]
[Date "2018.06.05"]
[Round "9"]
[White "Korobov, Anton"]
[Black "Artemiev, Vladislav"]
[Result "1/2-1/2"]
[WhiteElo "2678"]
[BlackElo "2704"]
[Annotator "TA"]
[PlyCount "105"]
[EventDate "2018.??.??"]
[EventType "tourn"]
[EventCountry "RUS"]
[SourceTitle "playchess.com"]
[Source "ChessBase"]
[SourceQuality "1"]

{[%evp 19,105,20,17,-7,0,-13,-10,-22,-8,-7,0,0,7,0,0,0,0,0,0,0,0,-20,-7,-20,-24,-16,0,0,0,0,0,0,0,0,0,-21,-17,-18,-16,-17,0,-8,-14,-14,-10,-6,-6,-12,-16,-12,-8,-32,0,0,0,0,0,-10,0,0,0,-1,-6,-9,0,-24,-7,-21,-2,-7,0,-5,0,-1,-2,0,0,0,0,0,0,0,0,0,0,0,0,0]} 1. d4 Nf6 2. Nf3 g6 3. c4 Bg7 4. Nc3 d5 5. cxd5 Nxd5 6. e4 Nxc3 7. bxc3 c5 8. Be3 O-O 9. Be2 b6 {D85: Exchange Grünfeld: Unusual White 7th moves and lines with 7 Nf3} (9... Qa5 10. Nd2 Qxc3 11. Rc1 Qa3 12. Rxc5 Nc6 13. Rc4 Qd6 14. d5 Ne5 15. Rc1 e6 16. Bc5 Qd8 17. Bxf8 Qxf8 {1-0 (53) Mamedyarov,S (2799)-Nepomniachtchi,I (2729) Riadh 2017}) 10. Rc1 e6 {LiveBook: 11 Games} 11. Qa4 $146 ({Predecessor:} 11. h4 Bb7 12. e5 h5 13. Rg1 Nc6 14. g4 hxg4 15. Rxg4 Ne7 16. Bg5 Qe8 17. h5 gxh5 18. Rg1 Ng6 19. Bd3 cxd4 20. Nh4 {1-0 (20) Bosiocic,M (2586)-Greenfeld,A (2562) Novi Sad 2016}) 11... Bb7 12. e5 Nc6 {[%cal Bb8c6,Bc6e7,Be7d5,Bd5e3][%mdl 32]} 13. O-O cxd4 14. cxd4 Ne7 15. Nd2 Nd5 16. Nc4 Nxe3 17. fxe3 Bh6 {[%cal Bg7h6,Bh6g5,Bg5h4][%mdl 32]} 18. Bf3 Bd5 19. Qa3 Rc8 20. Nd2 Qd7 21. Kf2 Bg5 22. Ne4 Bh4+ 23. Kg1 Bxe4 24. Bxe4 Be7 25. Qb3 Rc7 26. Rxc7 Qxc7 27. Qc2 (27. g3 {with more complications.} Rc8 28. Qb2 Qc3 29. Qf2 Rf8 30. h4) 27... Qxc2 28. Bxc2 $11 {[%mdl 4096] Endgame KRB-KRB} Rc8 29. Bb3 Ba3 30. d5 exd5 31. Bxd5 Rc7 32. e6 fxe6 33. Bxe6+ Kg7 34. Rd1 Kf6 35. Bb3 Rc3 36. Rd7 a5 37. Rxh7 Bc5 38. Rb7 (38. Rf7+ {looks sharper.} Kg5 39. Kf1 Rxe3 40. g3 Rd3 41. Ke2) 38... Ke5 (38... Rxe3 {feels hotter.} 39. Kf1 Re4 40. Rc7 Ke5 41. Rc6 Rf4+) 39. Kf1 Ke4 40. Ke2 (40. g3 {is more complex.} g5 41. Rg7 Bxe3 42. Kg2 b5 43. Kh3) 40... Rxe3+ 41. Kd1 Kd4 42. Rf7 Bb4 43. Rf4+ {The position is equal.} Ke5 44. Rf2 Re1+ 45. Kc2 b5 46. a4 bxa4 47. Bxa4 Bc5 48. Rd2 Re4 49. Bc6 {[#] And now Rd5+ would win.} Rc4+ 50. Kd3 Rb4 51. Ke2 {Rd5+ is the strong threat.} Bd4 52. Ra2 Bb6 53. Ra4 $1 {Precision: White = 57%, Black = 60%.} 1/2-1/2

[Event "19th Karpov Poikovsky 2018"]
[Site "Poikovsky"]
[Date "2018.06.05"]
[Round "9"]
[White "Kovalev, Vladislav"]
[Black "Gelfand, Boris"]
[Result "1/2-1/2"]
[WhiteElo "2650"]
[BlackElo "2695"]
[Annotator "TA"]
[PlyCount "37"]
[EventDate "2018.??.??"]
[EventType "tourn"]
[EventCountry "RUS"]
[SourceTitle "playchess.com"]
[Source "ChessBase"]
[SourceQuality "1"]

{[%evp 16,37,37,31,53,53,47,50,50,26,52,34,15,17,21,9,8,7,4,8,0,4,0,0]} 1. e4 c5 2. Nf3 Nc6 3. Nc3 g6 4. d4 cxd4 5. Nxd4 Bg7 6. Be3 Nf6 7. Bc4 O-O 8. Bb3 Re8 {B35: Sicilian: Accelerated Dragon with 5 Nc3: main line} 9. f3 {LiveBook: 36 Games} d5 (9... e6 10. f4 d6 11. Ndb5 Bf8 12. Qf3 a6 13. Nd4 Na5 14. O-O b5 15. f5 exf5 16. exf5 {½-½ (39) Navara,D (2745)-Mamedov,R (2704) Shamkir 2018}) 10. exd5 Nb4 $146 {[%cal Rf6d5] White is slightly better.} ({Predecessor:} 10... Na5 11. Qd2 Nxb3 12. Nxb3 b5 13. O-O-O Bb7 14. Nc5 b4 15. Nxb7 bxc3 16. Qxc3 {1-0 (26) Popovic,M (1871)-Vadila,O (1771) Liptovsky Mikulas 2017}) 11. Nde2 e6 {[%cal Rb4d5]} 12. Bd4 exd5 13. O-O Be6 14. Bf2 {The position is equal.} d4 15. Nxd4 Bxb3 16. Nxb3 Qxd1 17. Raxd1 Nxc2 18. Na5 b6 19. Nc4 1/2-1/2

[Event "19th Karpov Poikovsky 2018"]
[Site "Poikovsky"]
[Date "2018.06.05"]
[Round "9"]
[White "Bologan, Victor"]
[Black "Sutovsky, Emil"]
[Result "1-0"]
[WhiteElo "2610"]
[BlackElo "2647"]
[Annotator "TA"]
[PlyCount "67"]
[EventDate "2018.??.??"]
[EventType "tourn"]
[EventCountry "RUS"]
[SourceTitle "playchess.com"]
[Source "ChessBase"]
[SourceQuality "1"]

{[%evp 10,67,34,22,33,0,-5,-7,23,-42,-35,-34,12,26,50,21,46,74,87,42,271,158,218,220,220,204,221,219,218,210,200,217,214,201,217,205,212,208,235,217,233,230,224,230,367,364,373,373,385,421,427,386,597,576,722,695,1069,1085,1151,1153]} 1. e4 e5 2. Nf3 Nc6 3. Bc4 Nf6 4. d3 h6 5. O-O d6 6. c3 g5 {C55: Two Knights: 4 d3, 4 d4 exd4 5 e5 and Max Lange Attack} (6... g6 7. Re1 Bg7 8. Nbd2 O-O 9. Bb3 Re8 10. Nf1 Be6 11. h3 d5 12. Ng3 Qd7 13. Ba4 Nh7 14. d4 exd4 15. Nxd4 Rad8 16. Be3 dxe4 17. Nxc6 bxc6 18. Nxe4 {½-½ (33) Anand,V (2782)-Ponkratov,P (2613) Riadh 2017}) 7. d4 g4 8. Nfd2 Bg7 {The position is equal.} 9. f4 $146 (9. Bb5 $11) ({Predecessor:} 9. Bb5 Bd7 10. d5 Ne7 11. c4 c6 12. dxc6 bxc6 13. Ba4 h5 14. Nc3 {1-0 (44) Tischbierek,R (2434)-Schreiner,P (2480) Germany 2018}) 9... exd4 $15 10. cxd4 Nxe4 11. Nxe4 d5 12. f5 {And now f6 would win.} dxe4 (12... dxc4 $6 13. d5 $16) 13. d5 $36 {[%mdl 2048] Black is under strong pressure.} Ne5 {[#]} 14. Nc3 $1 Qh4 $2 (14... O-O $14 15. Bb3 {[#]} Nf3+ $1 {[%mdl 512]} 16. gxf3 exf3) 15. Nxe4 (15. f6 $18 Bf8 16. Bf4 (16. Qd4 Bd6 $14) 16... Qxf6 17. Bb5+ Nd7 18. Bxc7) 15... g3 ({But not} 15... Nxc4 $2 16. f6 $18) (15... O-O $16) 16. hxg3 Qxe4 17. Rf4 Qxf5 18. Rxf5 Bxf5 19. Qa4+ Bd7 20. Bb5 c6 21. dxc6 bxc6 22. Be2 O-O 23. Bd2 c5 24. Qe4 Rae8 {Hoping for ...Ng4.} 25. Bc3 Nc6 26. Qd5 Nd4 (26... Bxc3 $142 27. bxc3 Rxe2) 27. Bf1 $18 Be6 28. Qxc5 Rc8 29. Qxa7 ({Weaker is} 29. Bxd4 Rxc5 30. Bxc5 Bxb2 $11) 29... Ra8 30. Qb7 Rfb8 (30... Bxa2 $142 31. Bc4 Rab8) 31. Qe4 {White is clearly winning.} Ra4 32. Rd1 Bf5 33. Qd5 Be6 34. Qd6 {Precision: White = 71%, Black = 41%.} 1-0